[Event "Geller Mem"]
[Site "Odessa UKR"]
[Date "2001.07.05"]
[Round "3"]
[White "Fingerov,D"]
[Black "Zakharchenko,A"]
[Result "1/2-1/2"]
[WhiteElo "2407"]
[BlackElo "2399"]

1.d4 d5 2.c4 dxc4 3.e3 Nf6 4.Bxc4 e6 5.Nf3 c5 6.O-O a6 7.a4 Nc6 8.Qe2 Qc7
9.Nc3 Bd6 10.dxc5 Bxc5 11.e4 Ng4 12.g3 Nge5 13.Nxe5 Nxe5 14.Bf4 g5 15.Bxe5 Qxe5
16.Kh1 Bd7 17.f4 gxf4 18.gxf4 Qg7 19.Rf3 O-O-O 20.Bxa6 bxa6 21.Qxa6+ Kb8
22.Nb5 Qxb2 23.Rff1 Bc8 24.Qc6 Qd4 25.Rab1  1/2-1/2

[Event "Open"]
[Site "Andorra AND"]
[Date "2001.07.07"]
[Round "8"]
[White "Mikhalevski,V"]
[Black "Ivanov,J"]
[Result "1-0"]
[WhiteElo "2523"]
[BlackElo "2400"]

1.d4 d5 2.c4 dxc4 3.Nf3 Nf6 4.e3 e6 5.Bxc4 c5 6.O-O Nc6 7.Qe2 cxd4 8.Rd1 Be7
9.exd4 Na5 10.Bb5+ Bd7 11.Ne5 Bc6 12.Nc3 O-O 13.Bd3 Rc8 14.Qe3 Bd5 15.Qh3 Nc6
16.Be3 Nb4 17.Bb1 g6 18.a3 Nc6 19.Re1 Bb3 20.Nf3 Bd5 21.Ne5 Bb3 22.Nf3 Bd5
23.Ng5 h5 24.Nxd5 exd5 25.Ne6 fxe6 26.Bxg6 Kg7 27.Qg3 Rh8 28.Bf5+ Kf8 29.Bxe6 Qe8
30.Bxc8 Qxc8 31.Qg6 Qg4 32.Bh6+ Rxh6 33.Qxh6+ Kf7 34.Re3 Nxd4 35.h3 Qf5 36.Rxe7+ Kxe7
37.Qg7+ Kd6 38.Re1 Nc6 39.Qf8+ Kc7 40.Qf7+ Kb6 41.Qe6 Qf4 42.g3 Qd4 43.Qe3 Qxe3
44.Rxe3 Kc5 45.Re6 Ne4 46.Kg2 a5 47.f3 Nd2 48.g4 d4 49.gxh5 d3 50.h6 Nc4
51.h7 d2 52.h8=Q d1=Q 53.Qc3 a4 54.h4 Kd5 55.Re1 Qd4 56.Qxd4+ Nxd4 57.h5 Nf5
58.f4 b5 59.Kh3 Nh6 60.Kh4 Nf7 61.Re7 Ncd6 62.Kg4 Kc4 63.Re6 Kb3 64.h6 Nxh6+
65.Rxh6 Nc4 66.Re6 Nxb2 67.f5 b4 68.f6 bxa3 69.Re3+ Kc4 70.f7 a2 71.Ra3 Nd3
72.f8=Q  1-0

[Event "10th AKN Weekender"]
[Site "Haarlem NED"]
[Date "2001.07.08"]
[Round "5"]
[White "Holscher,P"]
[Black "Hopman,P"]
[Result "1-0"]
[WhiteElo "2099"]
[BlackElo "2215"]

1.d4 d5 2.Nf3 Nf6 3.c4 dxc4 4.e3 e6 5.Bxc4 c5 6.O-O a6 7.Nc3 Nc6 8.dxc5 Qxd1
9.Rxd1 Bxc5 10.a3 b5 11.Be2 Bb7 12.b4 Bb6 13.Bb2 Ke7 14.a4 Nxb4 15.Ba3 a5
16.axb5 Bc5 17.Na4 Bd6 18.Nb6 Rab8 19.Nc4 Ne4 20.Bb2 Bc5 21.Nxa5 f6 22.Rdc1 Rhc8
23.Nb3 Bd6 24.Rxc8 Bxc8 25.Ra7+ Rb7 26.Rxb7+ Bxb7 27.Na5 Bd5 28.Nd4 Bc7 29.Nc4 Nd6
30.Nxd6 Bxd6 31.Ba3 Na2 32.Bxd6+ Kxd6 33.Bd3 f5 34.f4 g6 35.Kf2 e5 36.fxe5+ Kxe5
37.Nf3+ Kd6 38.Kg3 Nb4 39.Be2 Bg8 40.Nd4 Kc5 41.Bf3 Bc4 42.Kf4 Bxb5 43.Nxb5 Kxb5
44.Kg5 Kc4 45.Kh6 Kd3 46.h4 Kxe3 47.Kxh7 Nd3 48.Kxg6 f4 49.h5 Ne5+ 50.Kf6 Nxf3
51.h6 Nh4 52.h7 Nxg2 53.h8=Q f3 54.Kf5 Ne1 55.Qe5+ Kd2 56.Qd4+ Ke2 57.Qc4+ Kf2
58.Kg4 Kg2 59.Qe4 Kf2 60.Kh3 Ng2 61.Qc2+  1-0

[Event "Geller Mem"]
[Site "Odessa UKR"]
[Date "2001.07.08"]
[Round "6"]
[White "Sumets,A"]
[Black "Tishin,D"]
[Result "1-0"]
[WhiteElo "2438"]
[BlackElo "2362"]

1.d4 d5 2.c4 dxc4 3.Nf3 Nf6 4.e3 e6 5.Bxc4 c5 6.O-O a6 7.a4 Nc6 8.Qe2 Be7
9.dxc5 Bxc5 10.e4 Qb6 11.e5 Nd5 12.Nc3 Nxc3 13.bxc3 Ne7 14.Qe4 Qc7 15.Rb1 Rb8
16.Qg4 Ng6 17.h4 h5 18.Qg3 Rg8 19.Bd3 Nf8 20.Ng5 Bd7 21.Qf3 Bc6 22.Be4 Bxa4
23.Be3 Bxe3 24.fxe3 Bb5 25.c4 Bxc4 26.Rbc1 f6 27.exf6 gxf6 28.Qxh5+ Kd8 29.Rfd1+ Nd7
30.Nf7+ Ke7 31.Nd6  1-0

[Event "Geller Mem"]
[Site "Odessa UKR"]
[Date "2001.07.10"]
[Round "8"]
[White "Fingerov,D"]
[Black "Tishin,D"]
[Result "1/2-1/2"]
[WhiteElo "2407"]
[BlackElo "2362"]

1.d4 d5 2.c4 dxc4 3.Nf3 Nf6 4.e3 e6 5.Bxc4 c5 6.O-O a6 7.a4 Nc6 8.Qe2 cxd4
9.Rd1 Be7 10.exd4 Nb4 11.Nc3 O-O 12.Bg5 h6 13.Bh4 Nbd5 14.Bg3 b6 15.Nxd5 Nxd5
16.Ne5 Bb7 17.Rac1 Bg5 18.Ra1 Qe8 19.h4 Be7 20.Nf3 Nb4 21.Be5 Rc8 22.Bb3 Qd8
23.h5 Bd5 24.Bxd5 Qxd5 25.Rac1 Qb3 26.Nd2 Qd5 27.Nc4 Rc6 28.Ne3 Qd7 29.Rxc6 Qxc6
30.d5 Nxd5 31.Nxd5 exd5 32.Bxg7 Kxg7 33.Qxe7 Re8 34.Qh4 Re5 35.Qg3+ Rg5 36.Qf3 Qf6
37.Qxf6+ Kxf6  1/2-1/2

[Event "Asian U20"]
[Site "Tehran IRI"]
[Date "2001.07.15"]
[Round "4"]
[White "Hassan,Ab"]
[Black "Hasan,M"]
[Result "1/2-1/2"]
[WhiteElo "2242"]
[BlackElo "2024"]

1.d4 d5 2.Nf3 Nf6 3.c4 dxc4 4.e3 e6 5.Bxc4 c5 6.O-O a6 7.b3 cxd4 8.Nxd4 Bd7
9.Bb2 Nc6 10.Nd2 Bc5 11.N2f3 O-O 12.Rc1 Qe7 13.Nxc6 Bxc6 14.Ne5 Be4 15.Qe2 Rac8
16.Rfd1 Rfd8 17.Rxd8+ Rxd8 18.Rd1 Nd5 19.Bd3 Bxd3 20.Rxd3 f6 21.Nf3 Nb4 22.Rxd8+ Qxd8
23.Bd4 Qd5 24.h3 Bd6 25.e4 Qc6 26.e5 Qc1+ 27.Kh2 Bc7 28.g3 f5 29.Bb2 Qc6
30.a3 Nc2 31.Ng5 h6 32.Nxe6 Qxe6 33.Qxc2 Bxe5 34.Bxe5 Qxe5 35.Qc8+ Kh7 36.Qxb7 Qc5
37.Qf3 Qxa3 38.Qxf5+ Kg8 39.Qd5+ Kf8 40.Kg2 Qb4 41.h4 a5 42.Qd3 Qc5 43.Qe3 Qa3
44.Kf3 Kf7 45.Kg4 Qa1 46.Kf3 Qh1+ 47.Ke2 Qa1 48.Kd3 Qa3 49.Ke4 Qb4+ 50.Kf3 Qa3
51.g4 Qa2 52.Kg2 Qa3 53.Qf3+ Ke7 54.g5 hxg5 55.hxg5 Qa1 56.Qe4+ Kd6 57.Qf4+ Kd5
58.Kh3 Qh1+ 59.Kg4 Kc5 60.Qc4+ Kb6 61.f4 Qa1 62.Kf5 Qb1+ 63.Ke6 Qg6+ 64.Kd7 Qh7
65.Qc6+ Ka7 66.Qb5 g6+ 67.Kd6 Qh2 68.Qxa5+ Kb7 69.Ke5 Qh8+ 70.Ke4 Qh1+ 71.Kd4 Qg1+
72.Kd3 Qf1+ 73.Ke4 Qe1+ 74.Kd4 Qg1+ 75.Kc4 Qc1+ 76.Kb4 Qe1+ 77.Ka3 Qa1+ 78.Kb4 Qe1+
79.Kc4 Qc1+ 80.Kd4 Qg1+  1/2-1/2

[Event "ch-SUI"]
[Site "Scuol SUI"]
[Date "2001.07.18"]
[Round "7"]
[White "Loetscher,P"]
[Black "Suter,S"]
[Result "1-0"]
[WhiteElo "2129"]
[BlackElo "2074"]

1.d4 d5 2.Nf3 Nf6 3.c4 dxc4 4.e3 e6 5.Bxc4 c5 6.O-O a6 7.a4 Nc6 8.Nc3 Be7
9.Qe2 O-O 10.Rd1 Qc7 11.h3 Rd8 12.d5 exd5 13.Nxd5 Nxd5 14.Bxd5 Nb4 15.Bc4 Rxd1+
16.Qxd1 Bf5 17.Qe2 Bf6 18.Ra3 Rd8 19.e4 Re8 20.Re3 Be6 21.e5 Be7 22.Bxe6 fxe6
23.Qc4 Nd5 24.Re1 Qc6 25.a5 Bd8 26.Bd2 Qb5 27.Rc1 Qxc4 28.Rxc4 Be7 29.Bg5 Bf8
30.Be3 Nxe3 31.fxe3 Be7 32.Nd2 Rd8 33.Ne4 Rd5 34.Nd6 Bxd6 35.exd6 Rxd6 36.Rxc5 Rd7
37.Rc3 Kf7 38.Rb3 Kf6 39.Kf2 Rd5 40.Rxb7 Rxa5 41.Kf3 Ra2 42.g4 h6 43.h4 a5
44.Rb5 a4 45.e4 e5 46.Rb6+ Kf7 47.g5 hxg5 48.hxg5 a3 49.g6+ Ke7 50.bxa3 Rxa3+
51.Kg4 Rd3 52.Kf5 Rd6 53.Rb7+ Kf8 54.Rf7+ Kg8 55.Re7 Rf6+ 56.Kg5 Kf8 57.Rxe5 Rf1
58.Rf5+ Rxf5+ 59.exf5 Ke7 60.Kf4 Kf8 61.Ke4 Ke8 62.Kd5 Ke7 63.Ke5 Kf8 64.Kd6 Ke8
65.Ke6 Kf8 66.Kd7 Kg8 67.Ke7 Kh8 68.f6  1-0

[Event "Open"]
[Site "Novosibirsk RUS"]
[Date "2001.07.23"]
[Round "5"]
[White "Artamonov,P"]
[Black "Bespalov,A"]
[Result "1/2-1/2"]
[WhiteElo "2179"]
[BlackElo "2325"]

1.d4 d5 2.Nf3 Nf6 3.c4 dxc4 4.e3 e6 5.Bxc4 c5 6.O-O a6 7.a4 Nc6 8.Nc3 cxd4
9.exd4 Be7 10.d5 exd5 11.Nxd5 Nxd5 12.Qxd5 Qxd5 13.Bxd5 Nb4 14.Be4 f5 15.Bb1 O-O
16.Bd2 Rd8 17.Bxb4 Bxb4 18.Ba2+ Kf8 19.Rfd1 Bd7 20.Ng5 Ke7 21.Bb3 h6 22.Nf7 Rdc8
23.Ne5 Be8 24.Rac1 Rxc1 25.Rxc1 Kf6 26.Nc4 Rc8 27.Rd1 Bf7 28.Rd4 b5 29.axb5 axb5
30.Nb6 Rc1+ 31.Rd1 Rxd1+ 32.Bxd1 Ke7 33.Nc8+ Kd7 34.Na7 Bc4 35.Bf3 Kd6 36.Nc6 Bd2
37.Nd4 g6 38.Bd1 Bc1 39.b3 Bd3 40.Bc2 Bxc2 41.Nxc2 Kd5 42.Kf1 g5 43.Ke2 g4
44.f3 h5 45.Kd3 Bb2 46.Ne1 Ke5 47.Kc2 Ba3 48.Kd3 Bc5 49.Kc3 Bd6 50.Nd3+ Kd5
51.h3 gxh3 52.gxh3 Bb8  1/2-1/2

[Event "MTO"]
[Site "Biel SUI"]
[Date "2001.07.25"]
[Round "3"]
[White "Avrukh,B"]
[Black "Raetsky,A"]
[Result "1-0"]
[WhiteElo "2598"]
[BlackElo "2452"]

1.d4 d5 2.c4 dxc4 3.e3 c5 4.Bxc4 e6 5.Nf3 Nf6 6.O-O Nc6 7.Qe2 cxd4 8.Rd1 Be7
9.exd4 O-O 10.a3 b6 11.Nc3 Na5 12.Ba2 Nd5 13.Nxd5 exd5 14.b4 Nc4 15.Ne5 Bb7
16.Nxc4 dxc4 17.Bxc4 a5 18.b5 Rc8 19.Bf4 Bd6 20.Bg3 h5 21.Ba2 Bxg3 22.hxg3 h4
23.gxh4 Qxh4 24.d5 Rfe8 25.Qb2 Qg5 26.Rd3 Re4 27.Rg3 Qh6 28.Rh3 Qg5 29.Rd1 Rce8
30.Qc3 Bc8 31.Rh2 Qe7 32.Rf1 Qe5 33.Qxe5 R8xe5 34.f4 Re8 35.Rh5 Re2 36.Bc4 Rc2
37.Bd3 Rd2 38.Bc4 Rc2 39.Bb3 Rb2 40.Bd1 Bd7 41.a4 f6 42.Rh4 Re3 43.f5 Rd3
44.Bf3 Bxf5 45.Rf4 Bg6 46.Rc4 Rdd2 47.Kh2 Bf7 48.Rc8+ Kh7 49.Rd8 f5 50.Rd1 Rxd1
51.Bxd1 g5 52.d6 g4 53.Rf8 Bd5 54.Kg3 f4+ 55.Kh4 Rxg2 56.d7 Rh2+ 57.Kg5  1-0

[Event "MTO"]
[Site "Biel SUI"]
[Date "2001.07.26"]
[Round "4"]
[White "Guliev,S"]
[Black "Roschina,T"]
[Result "1-0"]
[WhiteElo "2510"]
[BlackElo "2322"]

1.d4 d5 2.c4 dxc4 3.Nf3 Nf6 4.e3 e6 5.Bxc4 c5 6.O-O a6 7.b3 b5 8.Be2 cxd4
9.Nxd4 Bb7 10.a4 b4 11.Bb2 Nbd7 12.Bf3 Bxf3 13.Qxf3 Bc5 14.Nc6 Qc8 15.Rc1 Qb7
16.Rc4 a5 17.Nd2 Ra6 18.Ne5 Qxf3 19.Ndxf3 O-O 20.Rd1 Rd6 21.Rxd6 Bxd6 22.Nc6 Ra8
23.Bd4 Kf8 24.Kf1 g6 25.Bxf6 Nxf6 26.e4 Be7 27.Nfe5 Ra6 28.Nxe7 Kxe7 29.f4 h5
30.Ke2 Ke8 31.h3 Ra8 32.Ke3 Ng8 33.Rc5 Ne7 34.Nc4 f5 35.Rxa5 Rd8 36.Ra6 fxe4
37.Kxe4 Kf7 38.Rd6 Ra8 39.Rd7 Kf6 40.g4 hxg4 41.hxg4 Kf7 42.Ke5  1-0

[Event "HZ Open"]
[Site "Vlissingen NED"]
[Date "2001.07.29"]
[Round "2"]
[White "Piket,Je"]
[Black "Michiels,B"]
[Result "1-0"]
[WhiteElo "2630"]
[BlackElo "2113"]

1.d4 d5 2.Nf3 Nf6 3.c4 dxc4 4.e3 e6 5.Bxc4 c5 6.O-O a6 7.a4 Nc6 8.Qe2 cxd4
9.Rd1 Be7 10.exd4 O-O 11.Nc3 Nd5 12.Bd3 Ndb4 13.Bb1 Na5 14.Bf4 Bd7 15.d5 g6
16.dxe6 fxe6 17.Bh6 Qc7 18.Qe5 Qxe5 19.Nxe5 Be8 20.Bxf8 Kxf8 21.Be4 Nb3 22.Bxb7 Rb8
23.Ra3 Nc5 24.Be4 Nxe4 25.Nxe4 Kg7 26.Rf3 Nc6 27.Nc4 Rb4 28.Ncd6  1-0

[Event "MTO"]
[Site "Biel SUI"]
[Date "2001.07.30"]
[Round "7"]
[White "Kempinski,R"]
[Black "Raetsky,A"]
[Result "1-0"]
[WhiteElo "2595"]
[BlackElo "2452"]

1.d4 d5 2.c4 dxc4 3.Nf3 Nf6 4.e3 e6 5.Bxc4 c5 6.Qe2 cxd4 7.Nxd4 e5 8.Nf3 e4
9.Nd4 Bd6 10.Bb5+ Nbd7 11.Nf5 Be5 12.Nxg7+ Kf8 13.Nh5 Nc5 14.Nxf6 Qxf6 15.Qc2 Qb6
16.Be2 Bf5 17.Nd2 Rc8 18.Nc4 Qe6 19.Qd2 Bb8 20.b3 Rg8 21.g3 b5 22.Na3 Bg4
23.O-O Bf3 24.Qd1 Be5 25.Rb1 Qg4 26.Bxf3 exf3 27.Nxb5 Ne4 28.Nd4 Bxd4 29.Qxd4 Rg6
30.Qh8+ Ke7 31.Ba3+ Rc5 32.Rfd1  1-0

[Event "Open"]
[Site "Korinthos GRE"]
[Date "2001.07.30"]
[Round "3"]
[White "Ignat,D"]
[Black "Alexakis,D"]
[Result "1/2-1/2"]
[WhiteElo "2108"]
[BlackElo "2196"]

1.d4 d5 2.c4 dxc4 3.e3 Nf6 4.Bxc4 e6 5.Nf3 c5 6.O-O a6 7.a4 Nc6 8.Nc3 Be7
9.h3 O-O 10.b3 cxd4 11.exd4 Nd5 12.Nxd5 exd5 13.Bd3 Bf6 14.Bf4 Re8 15.Rc1 Qb6
16.Be3 Bd7 17.Rc5 Nb4 18.Bb1 Rac8 19.a5 Qd6 20.Qd2 Nc6 21.Bf4 Qf8 22.Rxd5 Be6
23.Bd6 Bxd5 24.Bxf8 Rxf8 25.Ne5 Rcd8 26.Qf4 Ne7 27.b4 Be6 28.Be4 Nd5 29.Bxd5 Rxd5
30.Rc1 Rfd8 31.Nf3 Rb5 32.Qd2 Be7 33.Rb1 Bd6 34.Qe1 Rc8 35.Ne5 Bf5 36.Rb2 Re8
37.Qc1 Bxe5 38.dxe5 Rbxe5 39.Qc7 R5e7 40.Qc5 Bd7 41.Rd2 Bc6  1/2-1/2

[Event "Stork YM"]
[Site "Hengelo NED"]
[Date "2001.08.06"]
[Round "1"]
[White "Janssen,R"]
[Black "Zhigalko,A"]
[Result "1/2-1/2"]
[WhiteElo "2437"]
[BlackElo "2400"]

1.Nf3 d5 2.d4 Nf6 3.c4 dxc4 4.e3 e6 5.Bxc4 c5 6.O-O a6 7.Bb3 Nc6 8.Nc3 Be7
9.dxc5 Qxd1 10.Rxd1 Bxc5 11.Bd2 Ba7 12.Rac1 Ke7 13.Ne2 Bd7 14.Ned4 Rhc8 15.Nxc6+  1/2-1/2

[Event "US Open"]
[Site "Framingham USA"]
[Date "2001.08.09"]
[Round "6"]
[White "Ariel,D"]
[Black "Rouleau,J"]
[Result "1-0"]
[WhiteElo "2354"]
[BlackElo "2157"]

1.Nf3 d5 2.d4 Nf6 3.c4 dxc4 4.e3 e6 5.Bxc4 c5 6.Nc3 a6 7.a4 cxd4 8.exd4 Qc7
9.Qe2 Be7 10.O-O O-O 11.Bg5 Nc6 12.Rad1 Bd6 13.Bxf6 gxf6 14.d5 Ne5 15.Nxe5 Bxe5
16.Rd3 Kh8 17.Ba2 Rg8 18.Rfd1 Qa5 19.dxe6 Bxe6 20.Bxe6 fxe6 21.Rd7 Bxc3 22.bxc3 Qxc3
23.Rxh7+  1-0

[Event "Kochan Mem Open"]
[Site "Koszalin POL"]
[Date "2001.08.11"]
[Round "7"]
[White "Prokopchuk,E"]
[Black "Anisimov,P"]
[Result "1/2-1/2"]
[WhiteElo "2508"]
[BlackElo "2401"]

1.d4 d5 2.Nf3 Nf6 3.c4 dxc4 4.e3 e6 5.Bxc4 c5 6.O-O a6 7.a4 Nc6 8.Qe2 cxd4
9.Rd1 Be7 10.exd4 O-O 11.Nc3 Nb4 12.Ne5 Bd7 13.d5 exd5 14.Nxd5 Nbxd5 15.Bxd5 Nxd5
16.Rxd5 Bg4 17.Qc4  1/2-1/2

[Event "TCh-ESP Div 2"]
[Site "Vila Real ESP"]
[Date "2001.08.13"]
[Round "1"]
[White "Gallego Jimenez,V"]
[Black "Cardenas Valero,J"]
[Result "1-0"]
[WhiteElo "2361"]
[BlackElo "2265"]

1.d4 d5 2.c4 dxc4 3.Nf3 Nf6 4.e3 e6 5.Bxc4 c5 6.O-O Nc6 7.Qe2 cxd4 8.Rd1 a6
9.exd4 Be7 10.Nc3 O-O 11.d5 exd5 12.Nxd5 Nxd5 13.Bxd5 Qc7 14.Qe4 Bf6 15.Ng5 Bxg5
16.Bxg5 Bd7 17.Bf4 Qc8 18.Bd6 Re8 19.Qf4 Be6 20.Be4 Qd8 21.Bb4 Qb8 22.Bd6 Qd8
23.Bc5 Qa5 24.b4 Qa4 25.Rd3 Rad8 26.Qh4  1-0

[Event "I American Continental"]
[Site "Cali COL"]
[Date "2001.08.14"]
[Round "5"]
[White "Leyva,H"]
[Black "Vasquez Ramirez,R"]
[Result "1/2-1/2"]
[WhiteElo "2428"]
[BlackElo "2231"]

1.d4 d5 2.c4 dxc4 3.e3 Nf6 4.Bxc4 e6 5.Nf3 c5 6.O-O a6 7.Qe2 b5 8.Bd3 Nbd7
9.Rd1 Qc7 10.a3 Bb7 11.Nc3 Bd6 12.dxc5 Bxc5 13.h3 O-O 14.e4 Rad8 15.Bg5 h6
16.Bxf6 Nxf6 17.Rac1 Qb6 18.b4 Be7 19.e5 Nd5 20.Nxd5 Bxd5 21.Be4 Bc4 22.Bd3 Bd5
23.Be4 Bc4 24.Qc2 a5 25.Rxd8 Rxd8 26.bxa5 Qxa5 27.a4 Ba3 28.Ra1 Bc5 29.Rc1 Ba3
30.Ra1 Bc5 31.Rc1 Ba3  1/2-1/2

[Event "9th Open"]
[Site "Nikea GRE"]
[Date "2001.08.20"]
[Round "3"]
[White "Shahtahtinsky,A"]
[Black "Trivizas,M"]
[Result "1-0"]
[WhiteElo "2342"]
[BlackElo "2037"]

1.d4 d5 2.c4 dxc4 3.Nf3 Nf6 4.e3 e6 5.Bxc4 c5 6.O-O cxd4 7.exd4 Nc6 8.Nc3 Be7
9.Bf4 a6 10.Rc1 O-O 11.Bb3 Bd7 12.Ne5 Be8 13.d5 exd5 14.Nxd5 Nxd5 15.Bxd5 Bf6
16.Nxc6 Bxc6 17.Bxc6 bxc6 18.b3 Rc8 19.Rc4 Qa5 20.Qc2 Rfd8 21.h3 h6 22.Rc1 Rd4
23.Rc5 Qb4 24.Be3 Rd6 25.Qe2 Re8 26.Rxc6 Bg5 27.Qxa6 Bxe3 28.fxe3 Rxc6 29.Qxc6 Rxe3
30.Qc8+ Qf8 31.Qxf8+ Kxf8 32.Kf2 Rd3 33.Rc2 Ke7 34.Ke1 f5 35.Rd2 Rc3 36.Re2+ Kd6
37.Kd2 Rg3 38.Kc2 f4 39.a4 Kc5 40.Kb2 g5 41.Ka3 f3 42.gxf3 Rxf3 43.h4 gxh4
44.Re6 h5 45.Re5+ Kb6 46.Rxh5 h3  1-0

[Event "VI Cup GM"]
[Site "Paks HUN"]
[Date "2001.08.23"]
[Round "6"]
[White "Markus,R"]
[Black "Arnold,L"]
[Result "1/2-1/2"]
[WhiteElo "2443"]
[BlackElo "2408"]

1.d4 d5 2.c4 dxc4 3.e3 Nf6 4.Bxc4 e6 5.Nf3 c5 6.O-O a6 7.a4 Nc6 8.Qe2 cxd4
9.Rd1 Be7 10.exd4 O-O 11.Nc3 Nd5 12.Ne5 Nxe5 13.dxe5 Nxc3 14.bxc3 Qc7 15.a5 b5
16.axb6 Qxb6 17.Qg4 Rd8 18.Bh6 Rxd1+ 19.Rxd1 Bf8 20.h4 Bb7 21.Rd3 Rd8 22.Bxg7 Bxg7
23.Rg3 Qb1+ 24.Bf1 Qg6 25.Qb4 Qh6 26.Qxb7 Qxh4 27.Qxa6 Kh8 28.Qe2 Qf4 29.Re3 Rd5
30.g3 Qf5 31.f4 Bf8 32.c4 Rd4 33.Rb3 Bc5 34.Kh2 Re4 35.Qf3 Qg6 36.Kg2 Re1
37.Qd3 Qxd3 38.Bxd3 Ra1 39.Rb5 Bd4 40.Be4 Rc1 41.Rb7 Rxc4 42.Rxf7 Bxe5 43.Rxh7+ Kg8
44.Bd3 Rd4 45.fxe5 Rxd3 46.Re7 Re3 47.Rxe6 Kf7 48.Rf6+ Ke7 49.Rf5 Ke6 50.g4 Rxe5
51.Rf3 Rg5 52.Kg3 Rg8 53.Rf4 Ke5 54.Rf1 Ke6 55.Rf5 Rh8 56.Rf4 Ke7 57.Rf5 Rf8
58.Ra5 Kf7 59.Kh4 Kg7  1/2-1/2

[Event "Rubinstein Open"]
[Site "Polanica Zdroj POL"]
[Date "2001.08.24"]
[Round "9"]
[White "Heyken,E"]
[Black "Tazbir,M"]
[Result "1/2-1/2"]
[WhiteElo "2325"]
[BlackElo "2115"]

1.d4 d5 2.Nf3 Nf6 3.c4 dxc4 4.e3 e6 5.Bxc4 c5 6.O-O a6 7.a4 Nc6 8.Qe2 cxd4
9.Rd1 d3 10.Bxd3 Qc7 11.b3 Be7 12.Bb2 O-O 13.Nbd2 Bd7 14.Rac1 Rad8 15.Ng5 e5
16.Nc4 Qb8 17.Ne4 Be6 18.Ng5 Bc8 19.Nb6 Bg4 20.f4 Bh5  1/2-1/2

[Event "ADCF Masters"]
[Site "Abu Dhabi UAE"]
[Date "2001.08.28"]
[Round "4"]
[White "Ulibin,M"]
[Black "Raetsky,A"]
[Result "1-0"]
[WhiteElo "2583"]
[BlackElo "2452"]

1.d4 d5 2.c4 dxc4 3.e3 Nf6 4.Bxc4 e6 5.Nf3 c5 6.O-O Nc6 7.Qe2 cxd4 8.Rd1 Be7
9.exd4 O-O 10.a3 b6 11.Nc3 Na5 12.Ba2 Nd5 13.Nxd5 exd5 14.Ne5 Bb7 15.Qf3 f6
16.Ng4 Qd7 17.Ne3 Rfd8 18.h4 Rac8 19.h5 Nc4 20.Nf5 Bf8 21.Bb1 Re8 22.Qd3 Re4
23.Qh3 Kh8 24.Bxe4 dxe4 25.Ne3 Qxh3 26.gxh3 Nxe3 27.Bxe3 Bd6 28.a4 Bd5 29.Rdc1 Rf8
30.h6 f5 31.Bg5  1-0

[Event "ADCF Masters"]
[Site "Abu Dhabi UAE"]
[Date "2001.08.30"]
[Round "6"]
[White "Gleizerov,E"]
[Black "Prasad,D"]
[Result "1-0"]
[WhiteElo "2587"]
[BlackElo "2440"]

1.d4 d5 2.c4 dxc4 3.e3 Nf6 4.Bxc4 e6 5.Nf3 c5 6.O-O Nc6 7.Qe2 cxd4 8.Rd1 Be7
9.exd4 O-O 10.a3 a6 11.Nc3 b5 12.d5 bxc4 13.dxc6 Qb6 14.Qxc4 Bc5 15.Nd4 Bxd4
16.Rxd4 e5 17.Rd6 Be6 18.Qb4 Qc7 19.Qc5 Rfc8 20.Be3 Rab8 21.Rd2 Ng4 22.Rc1 h6
23.Ne4 f5 24.Nd6 f4 25.Nxc8 Rxc8 26.Rd7  1-0

[Event "EYCC B16"]
[Site "Halkidiki GRE"]
[Date "2001.09.06"]
[Round "6"]
[White "Porat,S"]
[Black "Anisimov,P"]
[Result "1-0"]
[WhiteElo "2230"]
[BlackElo "2401"]

1.d4 d5 2.c4 dxc4 3.Nf3 Nf6 4.e3 e6 5.Bxc4 c5 6.Qe2 a6 7.dxc5 Bxc5 8.O-O b5
9.Bd3 Nc6 10.Nbd2 Bb7 11.e4 Ng4 12.h3 Nf6 13.e5 Nd5 14.Ne4 Be7 15.a3 h6 16.Bd2 Qb8
17.Ng3 Qa7 18.a4 b4 19.Rac1 Na5 20.Nh5 Kf8 21.Be4 Nb3 22.Rc4 Nxd2 23.Nxd2 g6
24.Nf6 Bxf6 25.exf6 Nxf6 26.Bxb7 Qxb7 27.Qe5 Qe7 28.Ne4 Kg7 29.Rc7 Qxc7 30.Qxc7 Nxe4
31.Rd1 Nf6 32.Qe5 Rhd8 33.Rxd8 Rxd8 34.Qa5 Rd1+ 35.Kh2 Nd5 36.Qxa6 Rd2 37.Qc4 Kh7
38.Qc1 Rxf2 39.a5 Nf4 40.a6 Rxg2+ 41.Kh1 Rf2 42.a7 Rf3 43.a8=Q Rxh3+ 44.Kg1 Ne2+
45.Kg2 Rg3+ 46.Kf2 Nxc1 47.Kxg3 Ne2+ 48.Kf2 Nf4 49.Qf8 Nd3+ 50.Ke3 Ne5 51.Ke4  1-0

[Event "TCh-YUG Women's Cup"]
[Site "Herceg Novi YUG"]
[Date "2001.09.07"]
[Round "5"]
[White "Zivkovic,Ves"]
[Black "Vujic Katanic,B"]
[Result "0-1"]
[WhiteElo "2228"]
[BlackElo "2126"]

1.d4 Nf6 2.Nf3 d5 3.c4 dxc4 4.e3 e6 5.Bxc4 c5 6.O-O a6 7.a4 Nc6 8.Nc3 cxd4
9.exd4 Be7 10.Be3 O-O 11.Ne5 Qc7 12.Nxc6 Qxc6 13.Bd3 b6 14.Rc1 Bb7 15.Ne4 Qd5
16.f3 Qd7 17.Bb1 Rfd8 18.Qc2 Bxe4 19.fxe4 Ng4 20.e5 g6 21.Bf2 Rac8 22.Qe2 Rxc1
23.Rxc1 Nxf2 24.Qxf2 Qxd4 25.Qxd4 Rxd4 26.b3 Bc5 27.Kf1 Rd5 28.a5 bxa5 29.Be4 Rxe5
30.Bb7 Bd6 31.Rd1 Rf5+ 32.Kg1 Rb5 33.Rxd6 Rxb7 34.Rxa6 Rxb3 35.Rxa5 Rb2 36.h3 h5
37.Ra7 Kg7 38.Kf1 g5 39.Rc7 Kg6 40.Re7 Kf6 41.Ra7 h4 42.Rc7 Rd2 43.Ra7 e5
44.Rb7 Ke6 45.Rb8 e4 46.Rb5 f5 47.Ra5 Rd5 48.Ra2 Ke5 49.Ke2 Kf4  0-1

[Event "EYCC B16"]
[Site "Halkidiki GRE"]
[Date "2001.09.08"]
[Round "8"]
[White "Shkliar,A"]
[Black "Anisimov,P"]
[Result "1/2-1/2"]
[WhiteElo "2268"]
[BlackElo "2401"]

1.Nf3 d5 2.d4 Nf6 3.c4 dxc4 4.e3 e6 5.Bxc4 c5 6.O-O a6 7.Bb3 b5 8.a4 b4 9.Nbd2 Bb7
10.e4 cxd4 11.e5 Nfd7 12.Nc4 Nc5 13.Nxd4 Nc6 14.Nxc6 Bxc6 15.Be3 Nxb3 16.Qxb3 Rb8
17.Rfd1 Bd5 18.a5 Rb5 19.Rac1 Be7 20.Bb6 Qb8 21.Qg3 O-O 22.Nd6 Rxb6 23.axb6 Qxb6
24.Nf5 exf5 25.Rxd5 g6 26.Qd3 Re8 27.Qc4 Bf8 28.Qc7 Qe6 29.Qc6 Rc8 30.Qxc8 Qxd5
31.Re1 a5 32.e6 fxe6 33.Qxe6+ Qxe6 34.Rxe6 a4 35.Ra6 a3 36.bxa3 bxa3 37.Kf1 Bc5
38.f3 Kg7 39.Ke2 Kh6 40.f4 Kg7 41.Kf3 Kh6 42.h3 Kg7 43.g4 fxg4+ 44.hxg4 h5
45.gxh5 gxh5 46.f5 h4 47.Kg4 Be7 48.Kf4 Kf7 49.Ke4 Bb4 50.Kf3 Bc5 51.Kf4 Be7
52.Kg4 Kg7 53.Kf3 Kf7 54.Kf4 Bc5 55.Rc6 Bd4 56.Ra6 Bc5 57.Ke4 Be7  1/2-1/2

[Event "5th Pablo Gorbea Mem Open"]
[Site "Madrid ESP"]
[Date "2001.09.10"]
[Round "4"]
[White "Gustafsson,J"]
[Black "Hernandez,I PER"]
[Result "1/2-1/2"]
[WhiteElo "2535"]
[BlackElo "2258"]

1.d4 d5 2.c4 dxc4 3.Nf3 Nf6 4.e3 e6 5.Bxc4 c5 6.O-O a6 7.Bb3 Nbd7 8.e4 Nxe4
9.Re1 Nef6 10.d5 Nb6 11.dxe6 Bxe6 12.Qxd8+ Rxd8 13.Bxe6 fxe6 14.Ng5 Rd3 15.Nc3 Nc4
16.Na4 Bd6 17.b3 Ne5 18.Nxe6 Kf7 19.Bb2 Kxe6 20.Bxe5 b5 21.Bg3+ Kd5 22.Rad1 Rd4
23.Nc3+ Kc6 24.Rxd4 cxd4 25.Ne2 Bxg3 26.hxg3 Rd8 27.Rc1+ Kb6 28.Nf4 Ne4 29.Nd3 Nc3
30.Rc2 a5 31.Kf1 Re8 32.Rd2 Nb1 33.Rd1 Nc3 34.Rd2 Nb1  1/2-1/2

[Event "5th Pablo Gorbea Mem Open"]
[Site "Madrid ESP"]
[Date "2001.09.12"]
[Round "6"]
[White "Simonenko,S"]
[Black "Hernandez,I PER"]
[Result "1/2-1/2"]
[WhiteElo "2419"]
[BlackElo "2258"]

1.d4 d5 2.c4 dxc4 3.e3 Nf6 4.Bxc4 e6 5.Nf3 c5 6.O-O a6 7.a4 Nc6 8.Qe2 Qc7
9.Nc3 Be7 10.Rd1 O-O 11.h3 Rd8 12.d5 exd5 13.Bxd5 Nb4 14.e4 Nfxd5 15.Nxd5 Nxd5
16.exd5 b6 17.Bf4 Bd6 18.Bxd6 Qxd6 19.Nd2 Bb7 20.Nc4 Qg6 21.Qe7 Bxd5 22.Ne3 Qe6
23.Nxd5 Rxd5 24.Qb7 Rxd1+ 25.Rxd1 Re8  1/2-1/2

[Event "TCh-CRO"]
[Site "Pula CRO"]
[Date "2001.09.12"]
[Round "3"]
[White "Biliskov,V"]
[Black "Bertok,M"]
[Result "0-1"]
[WhiteElo "2340"]
[BlackElo "2297"]

1.d4 d5 2.c4 dxc4 3.Nf3 Nf6 4.e3 e6 5.Bxc4 c5 6.O-O a6 7.Bd3 Nc6 8.Nc3 cxd4
9.exd4 Be7 10.Re1 O-O 11.a3 b6 12.Bc2 Bb7 13.Qd3 Rc8 14.d5 Na5 15.Bg5 Rxc3
16.Qxc3 Nxd5 17.Qd3 g6 18.Bh6 Re8 19.Ne5 Bf6 20.Rac1 Nc6 21.Nxc6 Bxc6 22.Bb3 Qa8
23.Rc2 Ne7 24.Qh3 Nf5 25.Be3 Nh4 26.f3 Bxf3 27.gxf3 Nxf3+ 28.Kf2 Bh4+ 29.Ke2 Nxe1
30.Qxh4 Nxc2 31.Bxc2 Qg2+ 32.Bf2 Qc6 33.Bd3 b5 34.Qf6 Qd5 35.Bg3 e5 36.Qxa6 e4
37.Bxb5 Rd8 38.Ke3 Qd4+ 39.Ke2 Qd1+ 40.Kf2 Qf3+ 41.Kg1 Rd1+ 42.Bf1 e3 43.Qc8+ Kg7
44.Qh3 f6 45.Qg2 Qg4 46.h3 Qc4 47.b3 Qa6  0-1

[Event "ch-UKR"]
[Site "Ordzhonikidze UKR"]
[Date "2001.09.16"]
[Round "9"]
[White "Zubarev,A1"]
[Black "Savon,V"]
[Result "1-0"]
[WhiteElo "2470"]
[BlackElo "2449"]

1.Nf3 d5 2.d4 Nf6 3.c4 dxc4 4.e3 e6 5.Bxc4 c5 6.O-O a6 7.dxc5 Bxc5 8.Qxd8+ Kxd8
9.Ne5 Ke7 10.Be2 Nbd7 11.Nd3 Bd6 12.Nd2 b5 13.Nb3 Nb6 14.Na5 Bd7 15.Nb7 Rhc8
16.Nxd6 Kxd6 17.f3 Be8 18.e4 Nfd7 19.Rd1 Ke7 20.b3 f6 21.Be3 Rc7 22.Rac1 Rxc1
23.Rxc1 Nc8 24.Nb4 Nd6 25.Rc7 a5 26.Nc6+ Kf7 27.Bc5  1-0

[Event "TCh-CRO"]
[Site "Pula CRO"]
[Date "2001.09.16"]
[Round "7"]
[White "Tukmakov,V"]
[Black "Stevic,H"]
[Result "0-1"]
[WhiteElo "2604"]
[BlackElo "2485"]

1.d4 d5 2.c4 dxc4 3.Nf3 Nf6 4.e3 e6 5.Bxc4 c5 6.O-O a6 7.a4 Nc6 8.Qe2 Qc7
9.Rd1 Bd6 10.dxc5 Bxc5 11.b3 O-O 12.Bb2 b6 13.h3 Bb7 14.Nbd2 Rfd8 15.Rac1 h6
16.Bd3 Nd5 17.Bb1 Ndb4 18.Qc4 Qd7 19.Qg4 f5 20.Qg3 Bd6 21.Qg6 Qf7 22.Qxf7+ Kxf7
23.Nc4 Bc5 24.a5 bxa5 25.Nfe5+ Kg8 26.Nd7 Ba7 27.g4 Nd5 28.Nd6 Rxd7 29.Nxb7 Rxb7
30.Rxc6 Rxb3 31.Be5 Nxe3 32.Re1 Nd5 33.gxf5 exf5 34.Ba2 a4 35.Rd6 Nf6 36.Bxf6 gxf6
37.Rxf6 Kh8 38.Re7 Bxf2+ 39.Kf1 Be3 40.Bxb3 axb3 41.Rb7 b2 42.Rxf5 Bd4 43.Ra5 Ra7
44.Rb8+ Kh7 45.Ke2 Bc3 46.Rc5 Bg7 47.Ra5 Re7+ 48.Kd2 Rd7+ 49.Ke2 Re7+ 50.Kd2 Rd7+
51.Ke2 Rd6 52.Ra2 Kg6 53.Raxb2 Bxb2 54.Rxb2 a5 55.Rb5 Ra6 56.Kd2 a4 57.Kc2 a3
58.Kb1 a2+ 59.Ka1 Ra4 60.Rc5 h5 61.Rc6+ Kg5 62.Rc5+ Kh4 63.Rc3 Ra5 64.Rd3 Kg5
65.Rd4 h4 66.Rg4+ Kh5 67.Rb4 Ra3 68.Rb5+ Kg6 69.Rc5 Rxh3 70.Kxa2 Rf3 71.Kb2 h3
72.Rc8 Rf7 73.Rc3 Rh7  0-1